000
00250nam a2200109Ia 4500
008
200302s9999 xx 000 0 und d
100
_a
Mumtaz Currim
245
_a
Jannat; Paradise in Islamic Art
260
_b
Marg
260
_c
2011
300
_a
144 P.,
999
_c
3064
_d
3064